000 02796cam a2200337 a 4500
003 EG-GiCUC
005 20250223031730.0
008 170610s2016 ua dh f m 000 0 eng d
040 _aEG-GiCUC
_beng
_cEG-GiCUC
041 0 _aeng
049 _aDeposite
097 _aM.Sc
099 _aCai01.11.28.M.Sc.2016.As.O
100 0 _aAsmaa Abdelsalam Mohammed
245 1 0 _aOutcome of acute lower respiratory tract infections in under five years children /
_cAsmaa Abdelsalam Mohammed ; Supervised Manal Elsayed Abdelmeguid , Azza Kamal Abdelmeguid
246 1 5 _aنتيجة العدو الحادة للجهازالتنفسى السفلى للاطفال دون سن الخامسة
260 _aCairo :
_bAsmaa Abdelsalam Mohammed ,
_c2016
300 _a165 P. :
_bcharts , facsimiles ;
_c25cm
502 _aThesis (M.Sc.) - Cairo University - Faculty of Medicine - Department of Pediatrics
520 _aBackground: Acute lower respiratory tract infections (ALRTI) are the main cause of morbidity and mortality in young children. These accounts for 33-50% mortality in children below 5 years of age, most of them in underdeveloped countries. Objectives:To identify the outcome of acute lower respiratory tract infections (ALRTI) in under five years old childrenand to evaluate their correlation with complications, mortality and the length of hospital stay. Methods: A prospective cohort study included 75 patients aged between 1 month and 5 years who were hospitalized at Cairo university pediatric hospital suffering from acute lower respiratory tract infections, during the period from February 2015 to January 2016. Results: The incidence of different acute lower respiratory tract infections at admission was:pneumonia (68%) and bronchiolitis (32%). Lack of exclusive breast feeding, incomplete immunization, malnutrition and anemia were identified as significant risk factors for ALRTI. Mortality percentage was 6.7% and was associated withprolonged hospital stay, mechanical ventilation,cyanosis and hypocalcemiawith no significant independent predictors of mortality. Conclusion:Pneumonia and bronchiolitis were the presenting disorders in our study and were associated with many demographic, clinical, hematological and radiological findings affecting their outcome either mortality or morbidity. Thus, collection, interpretation and study of these findings should be performed thoroughly
530 _aIssued also as CD
653 4 _aAcute lower respiratory tract
653 4 _aFive years children
653 4 _aPediatric hospital
700 0 _aAzza Kamal Abdelmeguid ,
_eSupervisor
700 0 _aManal Elsayed Abdelmeguid ,
_eSupervisor
856 _uhttp://172.23.153.220/th.pdf
905 _aNazla
_eRevisor
905 _aSamia
_eCataloger
942 _2ddc
_cTH
999 _c61132
_d61132